000 00605nam a2200229Ia 4500
003 OSt
005 20220926035337.0
006 a|||||r|||| 00| 0
007 ta
008 220923b |||||||| |||| 00| 0 eng d
037 _cGeneral Book
040 _aRTL
_cRTL
_beng
041 _2eng
_aeng
082 _aX.1-5.N5, J8
110 _aO E E C
_9245566
245 0 _aEconomic development
_b Of overseas countries & terr
260 _c1958
650 _aEconomic Condition International
700 _aO E E C
_9245567
942 _hX.1-5.N5, J8
_cGB
_2CC
999 _c661957
_d661957